| 000 | 00497nam a22001457a 4500 | ||
|---|---|---|---|
| 008 | 251111b ||||| |||| 00| 0 eng d | ||
| 040 |
_aAR-FvUNAJ _dAR-FvUNAJ _eaacr2 |
||
| 082 | 1 | 4 |
_214 _a622.3382 |
| 245 | 0 | 0 |
_aLog interpretation principles/Applications / _cSchlumberger. |
| 260 |
_aHouston, Texas : _bSchlumberger Educational Services, _cc1987. |
||
| 300 | _a198 p. | ||
| 650 | 0 |
_93173 _aPERFORACION DE POZOS PETROLEROS |
|
| 942 |
_2ddc _cLIBRO |
||
| 980 |
_62 _aVirginia Figueroa _82 _gVirginia Figueroa |
||
| 999 |
_c11160 _d11160 |
||